| 000 | 00720nam a2200217Ia 4500 | ||
|---|---|---|---|
| 003 | OSt | ||
| 005 | 20260310100308.0 | ||
| 008 | 220923b |||||||| |||| 00| 0 eng d | ||
| 037 | _cGeneral Book | ||
| 040 |
_aRTL _cRTL _beng |
||
| 041 |
_2eng _aeng |
||
| 084 |
_aY:4582.4498.N9, N7 _qRTL |
||
| 100 |
_aDaniel E Valentine _914283 |
||
| 245 | 0 | _aChapters in an anthropology of violence: Sri Lankans, Sirihalas and Tamil | |
| 260 |
_aDelhi _bOxford University Press _c1997 |
||
| 300 |
_axii, 252 p. : ill. _bIncludes bibliographical references and index |
||
| 500 | _aBibliography: P 231-39 | ||
| 650 | _aViolence | ||
| 942 |
_hY:4582.4498.N9, N7 _cGB _2CC |
||
| 999 |
_c542159 _d542159 |
||